00363nam a22001337a 450000500170000000800410001704000070005804100120006508200210007710000250009824500360012326000340015965000360019320241218153527.0241218b ||||| |||| 00| 0 eng d cAL aEnglish 223a348.04bEASS aEastern Book Company aSupreme Court Cases 2001: Vol 5 bEastern Book CompanyaLucknow a Mode of Citation (2001) 5 SCC